000 00306nam a2200109Ia 4500
005 20251222114349.0
008 251222s1900||||xx |||||||||||||| ||spa||
082 _aDVD0092/S25J/2006
245 0 _aEl mejor regalo de Dios: el sacramento de la reconciliación.
264 _bCastillejo, Christian
942 _cDVD
999 _c1174
_d1174